Test item bias

Αποθηκεύτηκε σε:
Λεπτομέρειες βιβλιογραφικής εγγραφής
Κύριος συγγραφέας: Osterlind, Steven J.
Μορφή: Βιβλίο
Γλώσσα:English
Δημοσίευση: Newbury Park : Sage Publications, c1983
Σειρά:Sage university papers series. Quantitative applications in the social sciences ; ; 30
Θέματα:
Ετικέτες: Προσθήκη ετικέτας
Δεν υπάρχουν, Καταχωρήστε ετικέτα πρώτοι!

MARC

LEADER 00000nam a2200000 i 4500
001 1/17989
008 981014s1983 eng d
020 |a 0-8039-1989-1 
035 |l 10020754 
040 |a GR-MY-UA  |b gre  |e aacr 
041 0 |a eng 
082 0 |a 519.52 
100 1 |a Osterlind, Steven J. 
245 1 0 |a Test item bias /  |c Steven J. Osterlind 
260 |a Newbury Park :   |b Sage Publications,   |c c1983 
300 |a 85 p. 
490 1 |a Sage university papers series. Quantitative applications in the social sciences   |v ; 30 
504 |a Bibliography: p 81-84 
650 0 0 |a Social sciences  |x Statistical methods. 
650 0 0 |a Social sciences  |x Methodology. 
830 0 |a Sage university papers series. Quantitative applications in the social sciences ;  |v ; 30 
852 |a INST  |b LESVOS  |e 19981014  |h 519.52 OST  |p 005100018479  |q 005100018479  |t BK  |y 0 
901 |a BIBL-1999-1 
909 |a Λ  |b 059543 
922 |a 1ΕΛΗ  |b 199809  |c ΚΠΣ/ΤΓ  |d ΠΑΠΑΣΩΤΗΡΙΟΥ 
950 |a 118-1998-07-23